[Event "Titled Tue 17th Jun Late"]
[Site "chess.com INT"]
[Date "2025.06.17"]
[Round "8"]
[White "Khanbutaev, Artemii"]
[Black "Beyer, Lorenz"]
[Result "0-1"]
[BlackTitle "CM"]
[WhiteElo "2139"]
[BlackElo "2226"]
[WhiteFideId "55747175"]
[BlackFideId "16245393"]
[EventDate "2025.06.17"]

1. d4 d5 2. c4 e6 3. Nf3 Nf6 4. g3 Be7 5. Bg2 O-O 6. O-O a5 7. Nc3 c6 8. Ne5
dxc4 9. Nxc4 b5 10. Ne5 Qb6 11. e4 Bb7 12. Be3 Qa6 13. Rc1 Nbd7 14. Nxd7 Nxd7
15. d5 cxd5 16. exd5 exd5 17. Nxd5 Bxd5 18. Qxd5 Nf6 19. Qc6 Qxc6 20. Bxc6 Rab8
21. Bf4 Rbc8 22. Bxb5 Nd5 23. Bd2 Bb4 24. Bxb4 Nxb4 25. a3 Nd5 26. Rfd1 Nf6 27.
Rxc8 Rxc8 28. Rd2 h5 29. f3 h4 30. Kf2 Rc1 31. Bf1 g6 32. Bg2 Kg7 33. Ke3 hxg3
34. hxg3 Nh5 35. g4 Nf6 36. Kd4 Nd7 37. Kd5 Nb6+ 38. Kd4 Nc4 39. Re2 Nd6 40. f4
Nb5+ 41. Kd3 Rg1 42. Kc4 Nd6+ 43. Kc5 Nc8 44. Bb7 Rc1+ 45. Kd4 Nd6 46. Bf3 Nb5+
47. Kd3 Nd6 48. Bg2 Nb5 49. Rc2 Rd1+ 50. Kc4 Nd4 51. Rf2 Ne6 52. Kb3 Nc5+ 53.
Kc4 Nd3 54. Re2 Nxf4 55. Rf2 Ne6 56. Bd5 Rd4+ 57. Kc3 Rxd5 58. Kc4 Rc5+ 59. Kb3
Nd4+ 60. Ka4 Nc6 61. Rd2 Rc4+ 62. Kb5 Rc1 63. Rd6 Ne5 64. Kxa5 Nxg4 65. Kb4 Ne5
66. Rd2 f5 67. a4 Kf6 68. a5 Ra1 69. Kb5 Ke6 70. a6 f4 71. b4 f3 72. Kc5 g5 73.
b5 g4 74. Kb6 g3 75. a7 g2 76. Rd1 Nc4+ 77. Kc5 Rxd1 78. a8=Q g1=Q+ 79. Kxc4
Qd4+ 80. Kb3 Rb1+ 81. Kc2 Qd1+ 82. Kc3 Rc1+ 83. Kb4 Rb1+ 84. Kc5 Qc2+ 85. Kb6
Qf2+ 86. Kc7 Qc5+ 87. Kd8 Qd6+ 88. Ke8 Rxb5 89. Qe4+ Re5 90. Qxf3 Qe7# 0-1

[Event "Titled Tue 17th Jun Late"]
[Site "chess.com INT"]
[Date "2025.06.17"]
[Round "8"]
[White "Jakubowski, Krzysztof"]
[Black "Khlebovich, Alexander"]
[Result "1-0"]
[WhiteTitle "GM"]
[BlackTitle "IM"]
[WhiteElo "2448"]
[BlackElo "2423"]
[WhiteFideId "1112848"]
[BlackFideId "4169123"]
[EventDate "2025.06.17"]

1. e4 c5 2. Nf3 d6 3. d4 cxd4 4. Nxd4 Nf6 5. Nc3 a6 6. g3 e6 7. Bg2 Be7 8. O-O
O-O 9. a4 Nc6 10. Be3 Bd7 11. Qe2 Rc8 12. Rad1 Ne5 13. Kh1 Nc4 14. Bc1 b5 15.
axb5 axb5 16. f4 b4 17. Nb1 Qa5 18. Nd2 Nxd2 19. Bxd2 e5 20. fxe5 dxe5 21. Ra1
Qb6 22. Nf5 Bxf5 23. exf5 Rxc2 24. Qxe5 Rxd2 25. Qxe7 Rxb2 26. Rfe1 Rd2 27. Ra7
Qd6 28. Qxd6 Rxd6 29. Rb7 Rd4 30. h3 Rfd8 31. g4 h6 32. Ree7 R8d7 33. Rexd7 Nxd7
34. Bc6 Ne5 35. Be8 Kf8 36. Ba4 Nd3 37. Bb3 Ne5 38. Kg2 Rd2+ 39. Kf1 Rd3 40.
Rxb4 Rxh3 41. Rb5 Nxg4 42. Rb7 Ne5 43. Kg2 Rh5 44. Bc2 Rh4 45. Kg3 Rg4+ 46. Kh3
Rf4 47. Rb5 f6 48. Rb8+ Kf7 49. Rb7+ Kg8 50. Bb3+ Kh7 51. Be6 h5 52. Rb8 Nf3 53.
Kg3 Rg4+ 54. Kxf3 Kh6 55. Bf7 Kg5 56. Bg6 Rf4+ 57. Kg3 Rg4+ 58. Kf3 Rf4+ 59. Ke3
h4 60. Rh8 Rf1 61. Rh7 Kg4 62. Rxg7 Re1+ 63. Kf2 Re5 64. Bf7+ Kf4 65. Be6 Ra5
66. Rg6 Ke5 67. Kg2 Ra4 68. Kh3 Rf4 69. Rh6 Re4 70. Rxh4 Re3+ 71. Kg2 Rd3 72.
Ra4 Rd6 73. Kf2 Rd3 74. Ke2 Rg3 75. Ra5+ Kf4 76. Ra4+ Ke5 77. Kd2 Rf3 78. Kc2
Re3 79. Rc4 Re2+ 80. Kb3 Rh2 81. Kb4 Rd2 82. Kc5 Rd8 83. Kc6 Rd6+ 84. Kc7 Rd3
85. Rc5+ Kf4 86. Rc6 Ke5 87. Rc5+ Kf4 88. Ra5 Rd4 89. Bd7 Kg5 90. Kd8 Re4 91.
Ra1 Kf4 92. Be6 Ke5 93. Ke7 Rb4 94. Re1+ Kf4 95. Kxf6 Rb8 96. Rf1+ Ke4 97. Re1+
Kf4 98. Ra1 Rf8+ 99. Kg7 Rh8 100. Kg6 Rg8+ 101. Bxg8 1-0

[Event "Titled Tue 17th Jun Late"]
[Site "chess.com INT"]
[Date "2025.06.17"]
[Round "8"]
[White "Maksimovic, Bojan"]
[Black "Firouzja, Alireza"]
[Result "0-1"]
[WhiteTitle "IM"]
[BlackTitle "GM"]
[WhiteElo "2514"]
[BlackElo "2766"]
[WhiteFideId "14408120"]
[BlackFideId "12573981"]
[EventDate "2025.06.17"]

1. d4 Nf6 2. Bg5 g6 3. Nd2 Bg7 4. Ngf3 d6 5. c3 h6 6. Bf4 Bf5 7. h3 Nbd7 8. e3
O-O 9. Bc4 c5 10. O-O g5 11. Bh2 a6 12. a4 Rc8 13. Qe2 Bg6 14. Bd3 Bxd3 15. Qxd3
Re8 16. Rfe1 Qb6 17. Nc4 Qc6 18. Ncd2 b5 19. axb5 axb5 20. e4 c4 21. Qe2 e5 22.
dxe5 dxe5 23. Nf1 Nc5 24. Ng3 Nd3 25. Red1 Bf8 26. b4 Ra8 27. Ne1 Nf4 28. Qc2
Rxa1 29. Rxa1 Rd8 30. f3 Qd7 31. Nf1 N6h5 32. Kh1 Ng7 33. Bg1 Nge6 34. Kh2 h5
35. Ne3 Qd2 36. Rd1 Qxc2 37. N1xc2 Ra8 38. Ra1 Rxa1 39. Nxa1 Ne2 40. Nd1 g4 41.
hxg4 hxg4 42. Nc2 gxf3 43. gxf3 Ng5 44. Ne1 Nxc3 45. Nxc3 Bxb4 46. Nxb5 Bxe1 47.
Kg2 c3 48. Be3 f6 49. Kf1 Bd2 50. Bxd2 cxd2 51. Ke2 Nxf3 52. Nc3 Ng5 53. Kxd2
Kf7 54. Ke3 Ke6 55. Ne2 Nf7 56. Ng3 Nd6 57. Kd3 Kf7 58. Ke3 Kg6 59. Kf3 Kg5 60.
Ne2 Nb5 61. Ng1 Nd4+ 62. Kg3 Kg6 63. Nh3 Ne6 64. Kg4 Ng5 65. Nf2 Kf7 66. Kf5 Ne6
67. Kg4 Ke7 68. Kf3 Nd4+ 69. Ke3 Kf7 70. Nd3 Kg6 71. Nc5 Kg5 72. Nd7 Ne6 73. Kf3
Nf4 74. Ke3 Nh5 75. Kf3 Kh4 76. Nf8 Nf4 77. Nd7 Kg5 78. Nf8 Ng6 79. Nd7 Nh8 80.
Kg3 Nf7 81. Kf3 Nd8 82. Ke3 Ne6 83. Kf3 Kg6 84. Ke3 Kf7 85. Nb6 Nc5 86. Nd5 Ke6
87. Nc7+ Kd6 88. Ne8+ Ke7 89. Ng7 Ne6 90. Nf5+ Kd7 91. Kf3 Nd4+ 92. Nxd4 exd4
93. Ke2 Kd6 94. Kd2 Kc6 95. Kc2 Kb5 96. Kd3 Kc5 0-1

[Event "Titled Tue 17th Jun Late"]
[Site "chess.com INT"]
[Date "2025.06.17"]
[Round "9"]
[White "Akopyan, Harutyun"]
[Black "Jasinski, Alexander"]
[Result "1-0"]
[WhiteTitle "FM"]
[WhiteElo "2240"]
[BlackElo "1989"]
[WhiteFideId "2012014"]
[BlackFideId "55627994"]
[EventDate "2025.06.17"]

1. e4 c5 2. Nf3 d6 3. d4 cxd4 4. Qxd4 Nf6 5. Bg5 Nc6 6. Bb5 Qa5+ 7. Nc3 Qxb5 8.
Nxb5 Nxd4 9. Nfxd4 Kd8 10. f3 a6 11. Nc3 Nd7 12. a4 g6 13. Nd5 h6 14. Bd2 b6 15.
Nc6+ Ke8 16. Nc7# 1-0

[Event "Titled Tue 17th Jun Late"]
[Site "chess.com INT"]
[Date "2025.06.17"]
[Round "9"]
[White "Petrus, Adrian"]
[Black "Ferriz Barrios, Andres"]
[Result "1-0"]
[WhiteTitle "CM"]
[BlackTitle "FM"]
[WhiteElo "2203"]
[BlackElo "2102"]
[WhiteFideId "14573652"]
[BlackFideId "5104467"]
[EventDate "2025.06.17"]

1. e4 e6 2. b3 d5 3. Bb2 dxe4 4. Nc3 Nf6 5. Qe2 Nc6 6. O-O-O Nd4 7. Qe1 a5 8.
Nxe4 a4 9. Nxf6+ gxf6 10. Kb1 axb3 11. axb3 Ba3 12. Bc3 b5 13. Qe4 e5 14. Qxa8
b4 15. Bb2 Nxc2 16. Qc6+ Bd7 17. Qxc2 1-0

[Event "Titled Tue 17th Jun Late"]
[Site "chess.com INT"]
[Date "2025.06.17"]
[Round "9"]
[White "Arias Igual, Alejandro"]
[Black "Dauer, Andre Leonardo"]
[Result "0-1"]
[WhiteTitle "FM"]
[BlackTitle "CM"]
[WhiteElo "2242"]
[BlackElo "2138"]
[WhiteFideId "2254905"]
[BlackFideId "2126915"]
[EventDate "2025.06.17"]

1. Nf3 d5 2. g3 e6 3. Bg2 f5 4. O-O Nf6 5. d3 b6 6. c4 Bb7 7. cxd5 exd5 8. Nd4
g6 9. Ne6 Qe7 10. Nxf8 Kxf8 11. b3 Nbd7 12. Bb2 Kf7 13. Nd2 Rhe8 14. Rc1 Nc5 15.
b4 Ne6 16. Qb3 Rad8 17. a3 Rd7 18. Nf3 h6 19. Ne5+ Kg7 20. Nxd7 Qxd7 21. Qc3 Qf7
22. Qxc7 Nxc7 23. Rxc7 Qxc7 0-1

[Event "Titled Tue 17th Jun Late"]
[Site "chess.com INT"]
[Date "2025.06.17"]
[Round "9"]
[White "Estrada Nieto, Julian"]
[Black "Baylav, Can"]
[Result "1-0"]
[WhiteTitle "IM"]
[WhiteElo "2181"]
[BlackElo "2056"]
[WhiteFideId "5101018"]
[BlackFideId "6361293"]
[EventDate "2025.06.17"]

1. e4 c5 2. Nf3 e6 3. g3 Nf6 4. Qe2 Be7 5. Bg2 d5 6. exd5 exd5 7. O-O O-O 8. d4
Nc6 9. dxc5 Bxc5 10. Bg5 Bg4 11. Nc3 h6 12. Bxf6 Qxf6 13. Nxd5 Qxb2 14. Qc4 Bxf3
15. Bxf3 Ne5 16. Qxc5 Nxf3+ 17. Kg2 Ng5 18. Rfb1 Ne6 19. Qxf8+ 1-0

[Event "Titled Tue 17th Jun Late"]
[Site "chess.com INT"]
[Date "2025.06.17"]
[Round "9"]
[White "Li, Eric 2007"]
[Black "Vinolas Anglada, Laura"]
[Result "1-0"]
[WhiteTitle "IM"]
[BlackTitle "WCM"]
[WhiteElo "2372"]
[BlackElo "2059"]
[WhiteFideId "30939941"]
[BlackFideId "24517925"]
[EventDate "2025.06.17"]

1. d4 d5 2. c4 e6 3. Nf3 Nf6 4. g3 Be7 5. Bg2 O-O 6. O-O Nbd7 7. Qc2 c6 8. Rd1
b6 9. b3 Bb7 10. Nc3 Rc8 11. e4 dxe4 12. Nxe4 c5 13. Ne5 Bxe4 14. Bxe4 Nxe4 15.
Nxd7 Qxd7 16. Qxe4 Bf6 17. Be3 cxd4 18. Bxd4 Bxd4 19. Rxd4 Qe7 20. Rad1 Rfd8 21.
Qb7 Qxb7 22. Rxd8+ 1-0

[Event "Titled Tue 17th Jun Late"]
[Site "chess.com INT"]
[Date "2025.06.17"]
[Round "9"]
[White "Shandrygin, Nikita"]
[Black "Shafer, Logan C"]
[Result "1-0"]
[WhiteTitle "FM"]
[BlackTitle "CM"]
[WhiteElo "2209"]
[BlackElo "2217"]
[WhiteFideId "24198668"]
[BlackFideId "30993342"]
[EventDate "2025.06.17"]

1. e4 e5 2. Nf3 Nc6 3. d4 exd4 4. c3 d5 5. exd5 Qxd5 6. cxd4 Bg4 7. Be2 O-O-O 8.
Nc3 Bb4 9. O-O Bxc3 10. bxc3 Nf6 11. h3 Bh5 12. Be3 Rhe8 13. Qa4 Ne4 14. Rfc1
Rd6 15. c4 Qf5 16. Nh4 Qf6 17. Bxh5 Qxh4 18. Bg4+ Kb8 19. d5 h5 20. dxc6 a6 21.
Rab1 hxg4 22. Qxa6 1-0

[Event "Titled Tue 17th Jun Late"]
[Site "chess.com INT"]
[Date "2025.06.17"]
[Round "9"]
[White "Maglioni, Leonardo"]
[Black "Klepek, Witold"]
[Result "0-1"]
[BlackTitle "CM"]
[WhiteElo "2069"]
[BlackElo "2253"]
[WhiteFideId "2896830"]
[BlackFideId "1175068"]
[EventDate "2025.06.17"]

1. d4 Nf6 2. Bf4 c5 3. c3 e6 4. e3 Be7 5. Nd2 O-O 6. Bd3 b6 7. Ngf3 Bb7 8. O-O
d6 9. h3 Nbd7 10. Bh2 Rc8 11. Qe2 d5 12. dxc5 Nxc5 13. Bc2 Ba6 14. c4 Nce4 15.
Bd3 Nc5 16. Bc2 dxc4 17. Nxc4 Nce4 18. Bxe4 Bxc4 0-1

[Event "Titled Tue 17th Jun Late"]
[Site "chess.com INT"]
[Date "2025.06.17"]
[Round "9"]
[White "Aalto, Patrik"]
[Black "Beulen, Marcel"]
[Result "0-1"]
[WhiteTitle "FM"]
[BlackTitle "FM"]
[WhiteElo "2316"]
[BlackElo "2359"]
[WhiteFideId "510726"]
[BlackFideId "1001450"]
[EventDate "2025.06.17"]

1. c4 c6 2. Nf3 d5 3. e3 Nf6 4. b3 Bg4 5. h3 Bh5 6. g4 Bg6 7. Bb2 Nbd7 8. d4
Bxb1 9. Qxb1 e6 10. Bd3 Bb4+ 11. Kf1 a5 12. a3 Bd6 13. Kg2 O-O 14. Qc2 g6 15.
Rad1 Qe7 16. c5 Bc7 17. Ne5 Nxe5 18. dxe5 Nd7 19. h4 Bxe5 20. h5 Bxb2 21. Qxb2
Nxc5 22. h6 e5 23. Be2 f5 24. b4 axb4 25. axb4 Nd7 26. b5 fxg4 27. Bxg4 Nf6 28.
Be2 Ne4 29. Rhf1 Qg5+ 0-1

[Event "Titled Tue 17th Jun Late"]
[Site "chess.com INT"]
[Date "2025.06.17"]
[Round "9"]
[White "Perry, Patrick"]
[Black "Abdou Ahmed Alem"]
[Result "1-0"]
[BlackTitle "CM"]
[WhiteElo "2296"]
[BlackElo "2002"]
[WhiteFideId "30917727"]
[BlackFideId "19603720"]
[EventDate "2025.06.17"]

1. e4 Nc6 2. d4 d5 3. Nc3 Qd6 4. exd5 Nb4 5. Bc4 Nf6 6. a3 Nbxd5 7. Nxd5 Nxd5 8.
Nf3 Bg4 9. h3 Bh5 10. O-O e6 11. c3 Be7 12. Qd3 Nb6 13. Ba2 Bf6 14. Re1 O-O 15.
Qe4 Rab8 16. Bf4 Qd7 17. Ne5 Bxe5 18. Qxe5 Nd5 19. Bxd5 exd5 20. Qxh5 Rfe8 21.
Qg4 f5 22. Qg3 Rxe1+ 23. Rxe1 Re8 24. Rxe8+ Qxe8 25. Bxc7 Qf7 1-0

[Event "Titled Tue 17th Jun Late"]
[Site "chess.com INT"]
[Date "2025.06.17"]
[Round "9"]
[White "Vazelakis, Dimitrios"]
[Black "Anhwere, Bernard"]
[Result "0-1"]
[BlackTitle "CM"]
[WhiteElo "1857"]
[BlackElo "1906"]
[WhiteFideId "4203674"]
[BlackFideId "12600580"]
[EventDate "2025.06.17"]

1. d4 Nf6 2. Nf3 g6 3. g3 Bg7 4. Bg2 O-O 5. O-O d5 6. c4 c6 7. Nc3 Nbd7 8. Bg5
dxc4 9. a4 Nb6 10. a5 Nbd5 11. Qa4 Be6 12. Rfe1 b5 13. axb6 Qxb6 14. Ne5 Qxb2
15. Rac1 Nxc3 16. Rc2 Nxa4 17. Rxb2 Nxb2 18. Nxc6 Kh8 19. Nxe7 Rad8 20. d5 Nxd5
21. Nxd5 Rxd5 22. Bxd5 Bxd5 23. e4 Be6 24. f4 Nd3 25. Rd1 Bh3 0-1

[Event "Titled Tue 17th Jun Late"]
[Site "chess.com INT"]
[Date "2025.06.17"]
[Round "9"]
[White "Einarsson, Halldor Gretar"]
[Black "Calvo Gonzalez, Jose Felix"]
[Result "0-1"]
[WhiteTitle "FM"]
[BlackTitle "CM"]
[WhiteElo "2177"]
[BlackElo "2168"]
[WhiteFideId "2300150"]
[BlackFideId "54505615"]
[EventDate "2025.06.17"]

1. d4 Nf6 2. c4 g6 3. f3 Nc6 4. e4 e5 5. dxe5 Nxe5 6. Be3 Bg7 7. Nc3 O-O 8. Qd2
d6 9. O-O-O Be6 10. b3 a6 11. h3 b5 12. f4 b4 13. fxe5 bxc3 14. Qc2 Nd7 15. exd6
cxd6 16. Rxd6 Qa5 17. Nf3 Qa3+ 18. Kb1 Qxd6 0-1

[Event "Titled Tue 17th Jun Late"]
[Site "chess.com INT"]
[Date "2025.06.17"]
[Round "9"]
[White "Davtyan, Artur"]
[Black "Domingo Nunez, Alejandro"]
[Result "1-0"]
[WhiteTitle "IM"]
[BlackTitle "FM"]
[WhiteElo "2472"]
[BlackElo "2340"]
[WhiteFideId "13308327"]
[BlackFideId "22245561"]
[EventDate "2025.06.17"]

1. c4 g6 2. Nc3 Bg7 3. d4 d6 4. e4 Nd7 5. Nf3 e5 6. Be2 Ne7 7. O-O O-O 8. Be3
exd4 9. Nxd4 Nc6 10. Rc1 Nc5 11. f3 Re8 12. Qd2 Nxd4 13. Bxd4 Bxd4+ 14. Qxd4 Ne6
15. Qd2 Bd7 16. Nd5 Bc6 17. Qc3 Bxd5 18. cxd5 Nf4 19. Bb5 Qg5 20. g3 c6 21. dxc6
bxc6 22. Qxc6 a6 23. Bxa6 Nh3+ 24. Kg2 Nf4+ 25. Kh1 Nh3 26. Rc2 Rab8 27. Bc4 Re5
28. f4 Rc5 29. Qxd6 Rd8 30. Bxf7+ 1-0

[Event "Titled Tue 17th Jun Late"]
[Site "chess.com INT"]
[Date "2025.06.17"]
[Round "9"]
[White "El Jawich, Amro"]
[Black "Mai, Alexander Oliver"]
[Result "1-0"]
[WhiteTitle "FM"]
[BlackTitle "CM"]
[WhiteElo "2307"]
[BlackElo "2171"]
[WhiteFideId "5300380"]
[BlackFideId "2313391"]
[EventDate "2025.06.17"]

1. g3 c5 2. Bg2 Nc6 3. c4 g6 4. Nc3 Bg7 5. Rb1 e6 6. e4 Nge7 7. Nge2 O-O 8. a3
a5 9. d3 Nd4 10. Nxd4 cxd4 11. Nb5 d5 12. exd5 exd5 13. b3 a4 14. O-O axb3 15.
Qxb3 dxc4 16. Qxc4 Be6 17. Qc5 Rc8 18. Qd6 Bd5 19. Qxd8 Rfxd8 20. Bg5 f6 21. Bf4
Bxg2 22. Kxg2 g5 23. Bd6 Nf5 24. Bb4 Rc2 25. Rfc1 Rdc8 26. Rxc2 Rxc2 27. Re1 g4
28. Kg1 Bf8 29. Re8 1-0

[Event "Titled Tue 17th Jun Late"]
[Site "chess.com INT"]
[Date "2025.06.17"]
[Round "9"]
[White "Suarez, Pedro"]
[Black "Ersoz, Teoman Guney"]
[Result "0-1"]
[WhiteTitle "CM"]
[BlackTitle "CM"]
[WhiteElo "2066"]
[BlackElo "2052"]
[WhiteFideId "3007642"]
[BlackFideId "44537050"]
[EventDate "2025.06.17"]

1. d4 d5 2. c4 e6 3. Nc3 Nf6 4. cxd5 exd5 5. Bg5 Nbd7 6. e3 c6 7. Bd3 Be7 8.
Nge2 O-O 9. O-O Ne4 10. Bf4 Ndf6 11. f3 Nxc3 12. bxc3 Bd6 13. Bg5 h6 14. Bh4 Be7
15. e4 dxe4 16. fxe4 Nxe4 17. Bxe4 Bxh4 18. Bc2 Bf6 19. Qd3 g6 20. Ng3 Be6 21.
Rab1 b6 22. Qf3 Bg7 23. Qxc6 Rc8 24. Qf3 Rxc3 0-1

[Event "Titled Tue 17th Jun Late"]
[Site "chess.com INT"]
[Date "2025.06.17"]
[Round "9"]
[White "Gomez Gonzales, Fabiana"]
[Black "Diaz Guerrero, Jesus Daniel"]
[Result "1-0"]
[WhiteTitle "WCM"]
[BlackTitle "CM"]
[WhiteElo "1796"]
[BlackElo "2076"]
[WhiteFideId "3860191"]
[BlackFideId "3979288"]
[EventDate "2025.06.17"]

1. e4 e5 2. Nf3 Nc6 3. Bc4 Bc5 4. c3 Nf6 5. d3 O-O 6. O-O d5 7. exd5 Nxd5 8. Re1
Bg4 9. h3 Bh5 10. Nbd2 Nb6 11. Ne4 Be7 12. Bb3 a5 13. a4 Kh8 14. Ng3 Bg6 15.
Nxe5 Nxe5 16. Rxe5 Bxd3 17. Rxe7 Qxe7 18. Qxd3 Qe1+ 19. Qf1 Qe5 20. Be3 f5 21.
Bd4 Qd6 22. Nh5 Nd5 23. Bxg7+ Kg8 24. Bxf8 Rxf8 25. Bxd5+ Qxd5 26. Qb5 Qf7 27.
Nf4 c6 28. Qc5 Qc7 29. Ne6 1-0

[Event "Titled Tue 17th Jun Late"]
[Site "chess.com INT"]
[Date "2025.06.17"]
[Round "9"]
[White "Jakubowski, Krzysztof"]
[Black "Nihal, Sarin"]
[Result "0-1"]
[WhiteTitle "GM"]
[BlackTitle "GM"]
[WhiteElo "2448"]
[BlackElo "2696"]
[WhiteFideId "1112848"]
[BlackFideId "25092340"]
[EventDate "2025.06.17"]

1. e4 e6 2. d4 d5 3. Nc3 dxe4 4. Nxe4 Bd7 5. Nf3 Bc6 6. Bd3 Nd7 7. O-O Ngf6 8.
Ned2 Bd6 9. Re1 O-O 10. c3 b5 11. Qe2 a6 12. Bc2 Re8 13. Ne5 Bb7 14. Ndf3 h6 15.
h3 c5 16. Bf4 Qc7 17. Rad1 cxd4 18. cxd4 Nd5 19. Bc1 Rac8 20. Bb1 N7f6 21. Nh2
Qe7 22. Rd3 Rxc1 23. Rxc1 Nf4 24. Qc2 Nxd3 25. Qxd3 Be4 26. Qd2 Bxb1 27. Rxb1
Rd8 28. Qa5 Qc7 29. Qxc7 Bxc7 30. Nhf3 Bxe5 31. dxe5 Nd5 32. Rc1 Nb4 33. a3 Nd3
34. Rd1 Rd5 35. b3 Nxe5 36. Rc1 Nxf3+ 37. gxf3 Rd3 0-1

[Event "Titled Tue 17th Jun Late"]
[Site "chess.com INT"]
[Date "2025.06.17"]
[Round "9"]
[White "Ragger, Markus"]
[Black "Kochetkov, German"]
[Result "1-0"]
[WhiteTitle "GM"]
[BlackTitle "IM"]
[WhiteElo "2566"]
[BlackElo "2277"]
[WhiteFideId "1610856"]
[BlackFideId "13500635"]
[EventDate "2025.06.17"]

1. d4 d6 2. e4 Nf6 3. Nc3 e5 4. Nf3 exd4 5. Nxd4 Be7 6. Bf4 O-O 7. Qd2 a6 8.
O-O-O b5 9. f3 c5 10. Nf5 Bxf5 11. exf5 Nc6 12. g4 Nd4 13. g5 Nh5 14. h4 Nxf5
15. Nd5 Re8 16. Bd3 Nd4 17. Be4 Bf8 18. Bh2 f5 19. gxf6 Nxf6 20. Nxf6+ Qxf6 21.
c3 Ne6 22. Bxa8 Rxa8 23. Qd5 Re8 24. Rhe1 Kh8 25. Bxd6 Nf4 26. Rxe8 1-0

[Event "Titled Tue 17th Jun Late"]
[Site "chess.com INT"]
[Date "2025.06.17"]
[Round "9"]
[White "Demaria, Juan Pablo"]
[Black "Mecit, Emre"]
[Result "1-0"]
[WhiteTitle "FM"]
[WhiteElo "2215"]
[BlackElo "2007"]
[WhiteFideId "104922"]
[BlackFideId "6304214"]
[EventDate "2025.06.17"]

1. e4 c5 2. Nf3 d6 3. d4 cxd4 4. Nxd4 Nf6 5. Nc3 g6 6. Be2 Bg7 7. O-O O-O 8. Re1
Nc6 9. Be3 Bd7 10. Qd2 Rc8 11. Rad1 a6 12. f3 Re8 13. Bf1 Ne5 14. b3 b5 15. Nce2
Qc7 16. c3 Qa5 17. Rc1 Nc6 18. Nxc6 Bxc6 19. Nd4 Bb7 20. Red1 Nd7 21. c4 b4 22.
a3 Qh5 23. axb4 Ne5 24. Ne2 f5 25. Ng3 Qh4 26. Bg5 1-0

[Event "Titled Tue 17th Jun Late"]
[Site "chess.com INT"]
[Date "2025.06.17"]
[Round "9"]
[White "Sethuraman, Roshan"]
[Black "Fiorito, Joaquin"]
[Result "1/2-1/2"]
[BlackTitle "IM"]
[WhiteElo "2074"]
[BlackElo "2419"]
[WhiteFideId "30965250"]
[BlackFideId "180173"]
[EventDate "2025.06.17"]

1. e4 e5 2. Nf3 Nc6 3. Bb5 a6 4. Ba4 d6 5. d4 exd4 6. Nxd4 Bd7 7. Nc3 b5 8. Nxc6
Bxc6 9. Bb3 Nf6 10. O-O Be7 11. Re1 O-O 12. a3 Bb7 13. Nd5 Nxd5 14. exd5 Bf6 15.
c3 Qd7 16. Qd3 Rfe8 17. Bf4 Re7 18. Re3 Rxe3 19. Bxe3 Re8 20. a4 b4 21. h3 bxc3
22. bxc3 c5 23. Rb1 Qe7 24. c4 Bc8 25. Re1 g6 26. Bd2 Qd8 27. Rxe8+ Qxe8 28. Qe3
Qd8 29. Bc3 Be5 30. Bxe5 dxe5 31. Qxe5 Bf5 32. d6 Qb6 33. Qe8+ Kg7 34. Qe5+ Kh6
35. Qf4+ Kg7 36. Qe5+ Kh6 37. Qf4+ Kg7 38. Qe5+ 1/2-1/2

[Event "Titled Tue 17th Jun Late"]
[Site "chess.com INT"]
[Date "2025.06.17"]
[Round "9"]
[White "Yazici, Ugur Doga"]
[Black "Reprintsev, Alexander"]
[Result "1-0"]
[WhiteTitle "CM"]
[BlackTitle "IM"]
[WhiteElo "2161"]
[BlackElo "2256"]
[WhiteFideId "6363342"]
[BlackFideId "14100541"]
[EventDate "2025.06.17"]

1. d4 d5 2. Nf3 Bf5 3. c4 e6 4. Nc3 c6 5. g3 Nd7 6. Nh4 Bg4 7. Qb3 Qb6 8. c5
Qxb3 9. axb3 Be7 10. b4 a6 11. f3 Bh5 12. Kf2 g5 13. Ng2 Bg6 14. h4 gxh4 15.
Nxh4 Kf8 16. e4 Kg7 17. exd5 exd5 18. Bh3 Rd8 19. Bf4 Ngf6 20. Nf5+ Bxf5 21.
Bxf5 Nf8 22. Bh6+ Kg8 23. Rae1 Re8 24. g4 Bd8 25. g5 Rxe1 26. Rxe1 Nh5 27. Re8 1-0

[Event "Titled Tue 17th Jun Late"]
[Site "chess.com INT"]
[Date "2025.06.17"]
[Round "9"]
[White "Palczert, Matyas"]
[Black "Tang, Austin"]
[Result "1-0"]
[WhiteTitle "FM"]
[WhiteElo "2396"]
[BlackElo "1979"]
[WhiteFideId "784958"]
[BlackFideId "30964580"]
[EventDate "2025.06.17"]

1. b3 e5 2. Bb2 Nc6 3. c4 Nf6 4. e3 d5 5. cxd5 Nxd5 6. a3 Bd6 7. Qc2 O-O 8. Nf3
Be6 9. Be2 f5 10. d3 Qe7 11. Nbd2 Bf7 12. O-O Rad8 13. b4 a6 14. Nc4 e4 15. dxe4
fxe4 16. Nfd2 Bg6 17. Nxd6 Rxd6 18. Nb3 Qg5 19. Nc5 Bf5 20. g3 b6 21. Nxa6 Bh3
22. Rfd1 Nxe3 23. Qb3+ Nd5 24. Bc4 Ne7 25. Nxc7 Qf5 26. Rd2 e3 27. Qxe3 Kh8 28.
Nxd5 Nxd5 29. Qd4 Rfd8 30. Qxg7# 1-0

[Event "Titled Tue 17th Jun Late"]
[Site "chess.com INT"]
[Date "2025.06.17"]
[Round "9"]
[White "Rogov, Matfey"]
[Black "Suvradeepta, Das"]
[Result "1-0"]
[WhiteTitle "FM"]
[BlackTitle "FM"]
[WhiteElo "2348"]
[BlackElo "2230"]
[WhiteFideId "44191308"]
[BlackFideId "5058031"]
[EventDate "2025.06.17"]

1. e4 c6 2. d4 d5 3. f3 dxe4 4. fxe4 e5 5. Nf3 Bg4 6. Bc4 Nf6 7. Bxf7+ Kxf7 8.
Nxe5+ Kg8 9. Nxg4 Nxe4 10. O-O h5 11. Ne5 Nf6 12. Bg5 Nbd7 13. Nc3 Nxe5 14. dxe5
Qb6+ 15. Kh1 Ng4 16. Qe2 Re8 17. e6 Qxb2 18. e7 Bxe7 19. Qe6+ Kh7 20. Qf5+ Kg8
21. Qf7+ Kh7 22. Qxh5+ Nh6 23. Bxh6 gxh6 24. Qf7# 1-0